Colonia Iulia Urbs Triumphalis Tarraco / (Record no. 169270)

MARC details
000 -LEADER
campo de control de longitud fija 01045nam a2200265 i 4500
001 - NÚMERO DE CONTROL
campo de control 169270
003 - IDENTIFICADOR DE NÚMERO DE CONTROL
campo de control ES-MaACL
005 - FECHA Y HORA DE LA ÚLTIMA TRANSACCIÓN
campo de control 20230906214039.0
008 - DATOS DE LONGITUD FIJA--INFORMACIÓN GENERAL
campo de control de longitud fija 080827s2006 sp adf |||| | cat d
020 ## - NÚMERO INTERNACIONAL ESTÁNDAR DEL LIBRO
Número Internacional Estándar del Libro 978-84-932587-8-8
080 ## - NÚMERO DE LA CLASIFICACIÓN DECIMAL UNIVERSAL
Número de la Clasificación Decimal Universal 7.032(37:460.237 T.)
080 ## - NÚMERO DE LA CLASIFICACIÓN DECIMAL UNIVERSAL
Número de la Clasificación Decimal Universal 904(460.237 T.):7.032(37)
245 00 - MENCIÓN DEL TÍTULO
Título Colonia Iulia Urbs Triumphalis Tarraco /
Mención de responsabilidad, etc. Xavier Dupré Raventós, editor ; textos, Géza Alföldy ... [et al.].
260 ## - PUBLICACIÓN, DISTRIBUCIÓN, ETC.
Lugar de publicación, distribución, etc. Tarragona :
Nombre del editor, distribuidor, etc. Museu Nacional Arqueològic de Tarragona,
Fecha de publicación, distribución, etc. 2006.
300 ## - DESCRIPCIÓN FÍSICA
Extensión VII, 156 p., X p. de lám. col. :
Otras características físicas il., graf. ;
Dimensiones 24 cm.
490 1# - MENCIÓN DE SERIE
Mención de serie Forum : temes d'història i d'arqueologia tarragonines ;
Designación de volumen o secuencia 12
504 ## - NOTA DE BIBLIOGRAFÍA, ETC.
Nota de bibliografía, etc. Bibliografía.
650 14 - PUNTO DE ACCESO ADICIONAL DE MATERIA--TÉRMINO DE MATERIA
Término de materia o nombre geográfico como elemento de entrada Arte romano-
Subdivisión geográfica Tarragona.
9 (RLIN) 138365
651 #4 - PUNTO DE ACCESO ADICIONAL DE MATERIA--NOMBRE GEOGRÁFICO
Nombre geográfico Tarragona-
Subdivisión general Restos arqueológicos romanos.
9 (RLIN) 138363
700 1# - ENTRADA AGREGADA--NOMBRE PERSONAL
Nombre de persona Dupré i Raventós, Xavier.
9 (RLIN) 138360
700 1# - ENTRADA AGREGADA--NOMBRE PERSONAL
Nombre de persona Alföldy, Géza.
9 (RLIN) 184076
830 0# - PUNTO DE ACCESO ADICIONAL DE SERIE-TÍTULO UNIFORME
Título uniforme Forum : temes d'història i d'arqueologia tarragonines ;
Designación de volumen o secuencia 12
9 (RLIN) 188851
852 ## - LOCALIZACIÓN
Ubicación ES-MaACL
Número de control de estantería L-29719
Holdings
Estatus retirado Estado de pérdida Estado de daño No para préstamo Biblioteca de origen Biblioteca actual Ubicación en estantería Fecha de adquisición Fuente de adquisición Total de préstamos Signatura topográfica completa Código de barras Visto por última vez Precio de reemplazo Tipo de ítem Koha
        Biblioteca del Ateneo de Madrid Biblioteca del Ateneo de Madrid Depósito 2 27/08/2008     L-29719 1177713 23/02/2023 23/02/2023 Libro impreso